000 00529nam a2200181Ia 4500
003 GCL
008 140319s9999 xx 000 0 ara d
040 _aGCL /
_cGCL
082 0 4 _a519.5
_bا ا
100 1 _aانيس كنجو
245 1 0 _aالاحصاء وطرق تطبيقة فى ميادين البحث العلمى /
_cانيس كنجو
300 _a297 ص
490 _a
650 0 4 _aالاحصاء
650 0 4 _aالاحصاء الرياضى
650 0 4 _aالاحتمالات ( رياضيات )
942 _2ddc
_cBK
999 _c39166
_d39166